Hospital de la Caridad (Record no. 184356)

MARC details
000 -LEADER
campo de control de longitud fija 00990nam a2200229 i 4500
001 - NÚMERO DE CONTROL
campo de control 184356
003 - IDENTIFICADOR DE NÚMERO DE CONTROL
campo de control ES-MaACL
005 - FECHA Y HORA DE LA ÚLTIMA TRANSACCIÓN
campo de control 20260306063018.0
008 - DATOS DE LONGITUD FIJA--INFORMACIÓN GENERAL
campo de control de longitud fija 150625s1880 sp |||| | spa d
100 1# - ENTRADA PRINCIPAL--NOMBRE DE PERSONA
Nombre de persona Vulpian, Alfred,
Fechas asociadas al nombre 1826-1887
9 (RLIN) 152582
245 10 - MENCIÓN DEL TÍTULO
Título Hospital de la Caridad
Resto del título : clínica médica /
Mención de responsabilidad, etc. de A. Vulpian ; consideraciones clínicas y observaciones por F. Raymond.. ; versión castellana por Joaquín Torres Fabregat y Carlos de Vicente.
260 ## - PUBLICACIÓN, DISTRIBUCIÓN, ETC.
Lugar de publicación, distribución, etc. Madrid :
Nombre del editor, distribuidor, etc. [s.n.],
Fecha de publicación, distribución, etc. 1880 (
Fabricante Imp. de Enrique Teodoro)
300 ## - DESCRIPCIÓN FÍSICA
Extensión VIII, 678 p. ;
Dimensiones 22 cm.
490 1# - MENCIÓN DE SERIE
Mención de serie Biblioteca economica de medicina y cirujía ;
Designación de volumen o secuencia 6
650 07 - PUNTO DE ACCESO ADICIONAL DE MATERIA--TÉRMINO DE MATERIA
Término de materia o nombre geográfico como elemento de entrada Medicina clínica
Fuente del encabezamiento o término embne
9 (RLIN) 14921
700 0# - ENTRADA AGREGADA--NOMBRE PERSONAL
Nombre de persona Raymond, F.
9 (RLIN) 95628
700 0# - ENTRADA AGREGADA--NOMBRE PERSONAL
Nombre de persona Torres Fabregat, Joaquín.
9 (RLIN) 110955
700 1# - ENTRADA AGREGADA--NOMBRE PERSONAL
Nombre de persona Vicente y Charpentier, Carlos de.
9 (RLIN) 172565
830 0# - PUNTO DE ACCESO ADICIONAL DE SERIE-TÍTULO UNIFORME
Título uniforme Biblioteca económica de medicina y cirujía
Designación de volumen o secuencia 6
9 (RLIN) 186248
852 ## - LOCALIZACIÓN
Ubicación ES-MaACL
Número de control de estantería B-12703
Nota libre .- Legado Gustavo Saenz Diez
Holdings
Estatus retirado Estado de pérdida Estado de daño No para préstamo Colección Biblioteca de origen Biblioteca actual Ubicación en estantería Fecha de adquisición Fuente de adquisición Total de préstamos Signatura topográfica completa Código de barras Visto por última vez Precio de reemplazo Tipo de ítem Koha
        Libros del s. XIX Biblioteca del Ateneo de Madrid Biblioteca del Ateneo de Madrid Sala Pardo Bazán 25/06/2015     B-12703 1193960 23/02/2023 23/02/2023 Libro impreso antiguo